Geographical Changes in 10000 years - Statistics

General Stats
  • This quiz has been taken 12 times
  • The average score is 6 of 8
Answer Stats
Hint Answer % Correct
Canal built in 1904 that reduces the estimated time to reach the Pacific ocean from the Atlantic by about 65%. {Panama} Canal
100%
Large African desert that was formed about 8000~ years ago from changes in the monsoon cycles. Sahara
100%
Large island that was separated from India, believed to have happened in a cyclone in 1480. Sri Lanka
100%
Gulf that was formed 9000~ years ago by the flooding of the Strait of Hormuz. {Persian} Gulf
80%
Strait that was breached to form the Black Sea 8000~ years ago, its debated on how it happened to this day. Strait of {Bosphorus}
70%
Lake on the edge of that desert that, at that time was the largest lake in the world, about 2000 times bigger than today. Lake {Mega Chad}
60%
Landmass that connected the Indochinese peninsula with several major islands like Borneo and Sumatra in a continental landmass about 5 times the size of modern day Indochina, entirely sunk 9500~ years ago. Sundaland
40%
Island in the Aral Sea in 2001~ that briefly became the second largest lake island before the drying up of the Aral sea. Vozrozhdeniya
0%
No matching quizzes found
Score Distribution
Percent of People with Each Score
Percentile by Number Answered
Your Score History
You have not taken this quiz